Year of two halves for listed property in 2011 (Record no. 83708)

MARC details
000 -LEADER
fixed length control field 00808cab a22001935a 4500
001 - CONTROL NUMBER
control field L154702
008 - FIXED-LENGTH DATA ELEMENTS--GENERAL INFORMATION
fixed length control field 120116e20120106xxk 000 0 eng d
035 ## - SYSTEM CONTROL NUMBER
System control number (Sirsi) u154702
041 0# - LANGUAGE CODE
Language code of text/sound track or separate title eng
100 1# - MAIN ENTRY--PERSONAL NAME
Personal name Whitmore, James
245 00 - TITLE STATEMENT
Title Year of two halves for listed property in 2011
260 ## - PUBLICATION, DISTRIBUTION, ETC.
Date of publication, distribution, etc. 2012
490 ## - SERIES STATEMENT
Series statement Property Week
Volume/sequential designation 78(01) 6 January 2012, 16(1)
520 ## - SUMMARY, ETC.
Summary, etc. Summarises the listed property share sector performance in 2011 as beginning brightly and ending gloomily with debt and development concerns causing share prices to fall by more than 11%. Only seven listed property companies enjoyed a share price rise in 2011. Table lists the top 40 performers led by Capital & Counties.
590 ## - LOCAL NOTE (RLIN)
Local note KA
651 #4 - SUBJECT ADDED ENTRY--GEOGRAPHIC NAME
Geographic name United Kingdom
Chronological subdivision
690 ## - LOCAL SUBJECT ADDED ENTRY--TOPICAL TERM (OCLC, RLIN)
Topical term or geographic name as entry element Commercial property
9 (RLIN) 6227
942 ## - ADDED ENTRY ELEMENTS (KOHA)
Suppress in OPAC 0
Holdings
Withdrawn status Lost status Source of classification or shelving scheme Damaged status Not for loan Home library Current library Shelving location Date acquired Total Checkouts Full call number Barcode Date last seen Copy number Price effective from Koha item type
    Dewey Decimal Classification     London London Journal article 15/01/2012   L154702 154702-1001 06/08/2019 1 06/08/2019 Journal article